Welcome to the Holygrace Academy Library

Please use search bar below to get started

SAPHALAMEEYATHRA (Record no. 4596)

MARC details
000 -LEADER
fixed length control field 00316nam a22001457a 4500
020 ## - INTERNATIONAL STANDARD BOOK NUMBER
ISBN 978-81-8266-553-8
082 ## - DEWEY DECIMAL CLASSIFICATION NUMBER
Classification number 894.818.1
Item number KAK/S
100 ## - MAIN ENTRY--AUTHOR NAME
Personal name KAKKAN N N
245 ## - TITLE STATEMENT
Title SAPHALAMEEYATHRA
260 ## - PUBLICATION, DISTRIBUTION, ETC. (IMPRINT)
Place of publication KOZHIKODE
Name of publisher MATHRUBHUMI BOOKS
Year of publication 2015
300 ## - PHYSICAL DESCRIPTION
Number of Pages 189
520 ## - SUMMARY, ETC.
Summary, etc POETRY
650 ## - SUBJECT ADDED ENTRY--TOPICAL TERM
Topical Term POETRY
942 ## - ADDED ENTRY ELEMENTS (KOHA)
Koha item type Books
Holdings
Withdrawn status Lost status Collection code Home library Current library Shelving location Date acquired Source of acquisition Cost, normal purchase price Full call number Accession Number Koha item type
    Reference Main Library Main Library SHELF-16H-MALAYALAM POEMS 23/10/2017 Purchase 160.00 894.818.1 KAK/S 10064 Books